[Event "Chigorin Memorial 08th"]
[Site "St Petersburg"]
[Date "2000.11.06"]
[Round "6"]
[White "Dolmatov, Sergey"]
[Black "Riazantsev, Alexander"]
[Result "1-0"]
[WhiteElo "2608"]
[BlackElo "2418"]
[PlyCount "159"]
[EventDate "2000.10.31"]
[EventType "swiss"]
[EventRounds "9"]
[EventCountry "RUS"]
[SourceTitle "EXT 2001"]
[Source "ChessBase"]
[SourceDate "2000.11.22"]
[SourceVersion "1"]
[SourceVersionDate "2000.11.22"]
[SourceQuality "1"]

1. e4 e6 2. d4 d5 3. Nc3 Nc6 4. e5 Nge7 5. Nf3 b6 6. a3 Bb7 7. Bd3 Qd7 8. O-O
h6 9. b4 O-O-O 10. Ne2 f6 11. Bb2 f5 12. Nd2 g5 13. Nb3 Ng6 14. b5 Nce7 15. a4
Kb8 16. a5 Nc8 17. Qd2 g4 18. Ba3 h5 19. Bxf8 Rdxf8 20. f4 gxf3 21. gxf3 Rfg8
22. Kh1 Nh4 23. Nf4 Ne7 24. axb6 cxb6 25. Nc1 Neg6 26. Nce2 Qe7 27. Qe3 Bc8 28.
Rg1 Nxf4 29. Nxf4 Qh7 30. Qf2 Ng6 31. Nxg6 Rxg6 32. Rxg6 Qxg6 33. Qe3 Rg8 34.
Rg1 Qf7 35. Rxg8 Qxg8 36. Qh6 Qe8 37. Kg2 Bd7 38. Kg3 Qg8+ 39. Kf2 Qe8 40. Ke3
Qg8 41. Kf2 Qe8 42. Qf6 Bxb5 43. Bxb5 Qxb5 44. Qxe6 Qc4 45. Qd6+ Kc8 46. Ke3
Qxc2 47. Kf4 Qxh2+ 48. Kxf5 Qh3+ 49. Kf6 Qxf3+ 50. Ke7 Kb7 51. Kd8 h4 52. Qe7+
Ka6 53. Qxh4 Qf8+ 54. Kd7 Qf7+ 55. Kd6 Qf8+ 56. Kxd5 Qa8+ 57. Ke6 Qc8+ 58. Kf7
Qd7+ 59. Kg6 Qe6+ 60. Qf6 Qg4+ 61. Kf7 Qxd4 62. e6 Qd5 63. Kg7 Qg2+ 64. Qg6
Qb7+ 65. Kf6 Qf3+ 66. Qf5 Qc3+ 67. Kg6 Qg3+ 68. Kf7 Qb3 69. Kf8 Qb4+ 70. e7 Qd6
71. Kf7 Qc7 72. Qd5 Qf4+ 73. Ke6 Qg4+ 74. Kd6 Qg3+ 75. Kd7 Qg4+ 76. Kd8 Qh4 77.
Qd7 Ka5 78. Kc8 Qc4+ 79. Kb8 Qf4+ 80. Kxa7 1-0

[Event "Chigorin Memorial 08th"]
[Site "St Petersburg"]
[Date "2000.11.08"]
[Round "7"]
[White "Dolmatov, Sergey"]
[Black "Sivokho, Sergey"]
[Result "1-0"]
[WhiteElo "2608"]
[BlackElo "2469"]
[PlyCount "120"]
[EventDate "2000.10.31"]
[EventType "swiss"]
[EventRounds "9"]
[EventCountry "RUS"]
[SourceTitle "EXT 2001"]
[Source "ChessBase"]
[SourceDate "2000.11.22"]
[SourceVersion "1"]
[SourceVersionDate "2000.11.22"]
[SourceQuality "1"]

1. e4 e5 2. Nf3 Nc6 3. Bb5 a6 4. Ba4 Nf6 5. O-O b5 6. Bb3 Bc5 7. a4 Rb8 8. c3
d6 9. d4 Bb6 10. a5 Nxa5 11. Rxa5 Bxa5 12. dxe5 Ng4 13. Bg5 f6 14. exf6 gxf6
15. Bh4 c5 16. h3 h5 17. Nbd2 Rb7 18. Bd5 Rg7 19. e5 Nxe5 20. Nxe5 dxe5 21. Ne4
Rh6 22. Qf3 Rgg6 23. Rd1 Kf8 24. Be6 Qe8 25. Bxc8 Qxc8 26. Bxf6 Kg8 27. Bg5 Qf8
28. Qxf8+ Kxf8 29. Bxh6+ Rxh6 30. Nxc5 Bb6 31. Nd7+ Ke7 32. Nxe5 Re6 33. Nd3
Rd6 34. h4 Kf6 35. Kf1 Kf5 36. g3 a5 37. Ke2 Re6+ 38. Kd2 Rd6 39. Re1 Kg4 40.
Re4+ Kf3 41. Rf4+ Kg2 42. Rf5 b4 43. c4 Bd4 44. Rxa5 Bxb2 45. Rxh5 Bc3+ 46. Kc2
Kf3 47. Rb5 Rd4 48. Nxb4 Rxc4 49. Kd3 Rc8 50. Rf5+ Kg2 51. Nc2 Kh3 52. Ne3 Bb4
53. h5 Rc6 54. Rb5 Bc5 55. h6 Bxe3 56. Rh5+ Kg4 57. Rh4+ Kf3 58. fxe3 Rd6+ 59.
Kc4 Rd8 60. h7 Rh8 1-0

[Event "Chigorin Memorial 08th"]
[Site "St Petersburg"]
[Date "2000.11.10"]
[Round "9"]
[White "Dolmatov, Sergey"]
[Black "Goloshchapov, Alexander"]
[Result "1/2-1/2"]
[WhiteElo "2608"]
[BlackElo "2526"]
[PlyCount "27"]
[EventDate "2000.10.31"]
[EventType "swiss"]
[EventRounds "9"]
[EventCountry "RUS"]
[SourceTitle "EXT 2001"]
[Source "ChessBase"]
[SourceDate "2000.11.22"]
[SourceVersion "1"]
[SourceVersionDate "2000.11.22"]
[SourceQuality "1"]

1. e4 e6 2. d4 d5 3. Nc3 Nf6 4. Bg5 dxe4 5. Nxe4 Be7 6. Bxf6 Bxf6 7. Nf3 O-O 8.
Qd2 Nd7 9. O-O-O b6 10. Bc4 Bb7 11. Rhe1 Bd5 12. Bd3 c5 13. c4 Bb7 14. dxc5
1/2-1/2

[Event "RUS-chT"]
[Site "Tomsk"]
[Date "2001.05.16"]
[Round "4"]
[White "Batsanin, Dmitry"]
[Black "Dolmatov, Sergey"]
[Result "1/2-1/2"]
[WhiteElo "2435"]
[BlackElo "2587"]
[PlyCount "20"]
[EventDate "2001.05.13"]
[EventType "team"]
[EventRounds "8"]
[EventCountry "RUS"]
[SourceTitle "CBM 082 ext"]
[Source "ChessBase"]
[SourceDate "2001.07.03"]
[SourceVersion "1"]
[SourceVersionDate "2001.07.03"]
[SourceQuality "1"]

1. e4 e6 2. d4 d5 3. Nd2 c5 4. exd5 exd5 5. Ngf3 Nf6 6. Bb5+ Bd7 7. Bxd7+ Nbxd7
8. O-O Be7 9. dxc5 Nxc5 10. Re1 O-O 1/2-1/2

[Event "RUS-chT"]
[Site "Tomsk"]
[Date "2001.05.17"]
[Round "5"]
[White "Dolmatov, Sergey"]
[Black "Telnov, Vladimir"]
[Result "1-0"]
[WhiteElo "2587"]
[BlackElo "2401"]
[PlyCount "109"]
[EventDate "2001.05.13"]
[EventType "team"]
[EventRounds "8"]
[EventCountry "RUS"]
[SourceTitle "CBM 082 ext"]
[Source "ChessBase"]
[SourceDate "2001.07.03"]
[SourceVersion "1"]
[SourceVersionDate "2001.07.03"]
[SourceQuality "1"]

1. e4 e6 2. d4 d5 3. Nc3 dxe4 4. Nxe4 Nd7 5. Nf3 Ngf6 6. Nxf6+ Nxf6 7. Bc4 Be7
8. Qe2 O-O 9. Bg5 b6 10. O-O-O Bb7 11. Kb1 Nd5 12. h4 a6 13. Bd3 b5 14. Ne5 Nb4
15. Bxe7 Qxe7 16. Be4 Bd5 17. Bxd5 Nxd5 18. g4 Rfc8 19. Nd3 Qd6 20. Qf3 a5 21.
c3 Rab8 22. Nc5 c6 23. Rhe1 Nb6 24. g5 b4 25. h5 bxc3 26. Qxc3 Nd5 27. Qf3 Ne7
28. h6 Qd5 29. Ne4 Nf5 30. hxg7 Kxg7 31. Qh5 Qc4 32. Rd2 a4 33. Rc1 Rxb2+ 34.
Rxb2 Qd3+ 35. Ka1 Qxe4 36. Qe2 Qxd4 37. Qc4 Qa7 38. Rd2 a3 39. Qc3+ Kg8 40.
Rcd1 Qe7 41. Qf6 Qxf6+ 42. gxf6 h5 43. Rd8+ Rxd8 44. Rxd8+ Kh7 45. Rd3 Kg6 46.
Rxa3 h4 47. Rd3 c5 48. a4 Nd4 49. a5 Nc2+ 50. Kb2 Nb4 51. Rb3 Nc6 52. a6 e5 53.
Rh3 Kg5 54. Kc3 Kg4 55. Rh2 1-0

[Event "RUS-chT"]
[Site "Tomsk"]
[Date "2001.05.20"]
[Round "7"]
[White "Dolmatov, Sergey"]
[Black "Najer, Evgeny"]
[Result "1/2-1/2"]
[WhiteElo "2587"]
[BlackElo "2455"]
[PlyCount "44"]
[EventDate "2001.05.13"]
[EventType "team"]
[EventRounds "8"]
[EventCountry "RUS"]
[SourceTitle "CBM 082 ext"]
[Source "ChessBase"]
[SourceDate "2001.07.03"]
[SourceVersion "1"]
[SourceVersionDate "2001.07.03"]
[SourceQuality "1"]

1. e4 c5 2. Nf3 d6 3. d4 cxd4 4. Nxd4 Nf6 5. Nc3 a6 6. Be2 e6 7. a4 Nc6 8. Be3
Be7 9. O-O O-O 10. f4 Qc7 11. Kh1 Re8 12. Bf3 Bf8 13. Nb3 b6 14. a5 Nd7 15.
axb6 Nxb6 16. Be2 Bb7 17. Qe1 Nd7 18. Qf2 Nb4 19. Bf3 Rab8 20. Rfd1 Ba8 21. Ba7
Rb7 22. Bd4 Rbb8 1/2-1/2

[Event "Moscow-ch"]
[Site "Moscow"]
[Date "2002.??.??"]
[Round "1"]
[White "Dolmatov, Sergey"]
[Black "Krush, Irina"]
[Result "1-0"]
[WhiteElo "2579"]
[BlackElo "2380"]
[PlyCount "77"]
[EventDate "2002.??.??"]
[EventType "k.o."]
[EventRounds "5"]
[EventCountry "RUS"]
[SourceTitle "EXT 2003"]
[Source "ChessBase"]
[SourceDate "2002.11.25"]
[SourceVersion "1"]
[SourceVersionDate "2002.11.25"]
[SourceQuality "1"]

1. e4 c5 2. Nf3 Nc6 3. d4 cxd4 4. Nxd4 Nf6 5. Nc3 e5 6. Ndb5 d6 7. Bg5 a6 8.
Na3 b5 9. Bxf6 gxf6 10. Nd5 f5 11. Bd3 Be6 12. O-O f4 13. c3 Rg8 14. f3 Rg6 15.
Nc2 Rh6 16. Rf2 Be7 17. Rd2 Bh4 18. a4 bxa4 19. Ncb4 Nxb4 20. Qxa4+ Kf8 21.
Qxb4 a5 22. Qb5 Kg7 23. Bc4 Rc8 24. Bf1 Rc5 25. Qa6 Bg3 26. h3 Bxd5 27. Rxd5
Rxd5 28. exd5 e4 29. Qxa5 Qg5 30. Qb4 exf3 31. Qd4+ Rf6 32. gxf3 Kh6 33. Bd3
Bh4+ 34. Kf1 Qg3 35. Be4 Rg6 36. Ke2 Qg2+ 37. Kd3 Rg5 38. Qf6+ Kh5 39. Qxf7+
1-0

[Event "Moscow-ch"]
[Site "Moscow"]
[Date "2002.??.??"]
[Round "1"]
[White "Krush, Irina"]
[Black "Dolmatov, Sergey"]
[Result "0-1"]
[WhiteElo "2380"]
[BlackElo "2579"]
[PlyCount "136"]
[EventDate "2002.??.??"]
[EventType "k.o."]
[EventRounds "5"]
[EventCountry "RUS"]
[SourceTitle "EXT 2003"]
[Source "ChessBase"]
[SourceDate "2002.11.25"]
[SourceVersion "1"]
[SourceVersionDate "2002.11.25"]
[SourceQuality "1"]

1. d4 e6 2. c4 f5 3. g3 Nf6 4. Bg2 c6 5. d5 d6 6. Nc3 e5 7. Nf3 Be7 8. O-O O-O
9. dxc6 bxc6 10. c5 e4 11. cxd6 Bxd6 12. Nd4 Qe7 13. Qc2 Be5 14. Rd1 Rd8 15.
Nb3 Rxd1+ 16. Nxd1 Be6 17. Be3 Nd5 18. Bd4 Nb4 19. Qc3 Nd5 20. Qd2 Bd6 21. Ne3
Nd7 22. Rc1 Nxe3 23. Qxe3 Bd5 24. Qd2 Ne5 25. Na5 Bb4 26. Bc3 Bxc3 27. Qxc3 Rf8
28. Qd4 Rd8 29. a3 Bf7 30. Qc3 Rd6 31. Bh3 g6 32. Bg2 h5 33. h4 Kh7 34. Qb4 Qd7
35. Bf1 Ng4 36. Qb8 Re6 37. Nc4 Qd4 38. e3 Qf6 39. Be2 Re7 40. Bxg4 hxg4 41.
Na5 Bd5 42. Qd8 Rf7 43. Qxf6 Rxf6 44. Kf1 Kg7 45. Ke2 Kf7 46. Kd2 Ke7 47. Kc3
c5 48. Rd1 Kd6 49. Nb3 Rf8 50. Nc1 Kc6 51. Ne2 Rb8 52. Nf4 Bf7 53. b4 a5 54.
bxc5 a4 55. Rd6+ Kxc5 56. Rf6 Rb3+ 57. Kc2 Bc4 58. Ne6+ Bxe6 59. Rxe6 Rxa3 60.
Rxg6 Ra2+ 61. Kc3 Rxf2 62. Ra6 Rf3 63. Ra5+ Kb6 64. Rxa4 Rxe3+ 65. Kd4 Rxg3 66.
Ke5 Rf3 67. h5 e3 68. Ra1 g3 0-1

[Event "Moscow-ch"]
[Site "Moscow"]
[Date "2002.??.??"]
[Round "2"]
[White "Balashov, Yuri"]
[Black "Dolmatov, Sergey"]
[Result "1/2-1/2"]
[WhiteElo "2580"]
[BlackElo "2579"]
[PlyCount "45"]
[EventDate "2002.??.??"]
[EventType "k.o."]
[EventRounds "5"]
[EventCountry "RUS"]
[SourceTitle "EXT 2003"]
[Source "ChessBase"]
[SourceDate "2002.11.25"]
[SourceVersion "1"]
[SourceVersionDate "2002.11.25"]
[SourceQuality "1"]

1. d4 e6 2. c4 f5 3. Nc3 Nf6 4. Bg5 Bb4 5. e3 Bxc3+ 6. bxc3 b6 7. Bd3 O-O 8. f3
Qe8 9. Ne2 Qg6 10. h4 Qf7 11. Qc2 Nc6 12. g4 Ba6 13. gxf5 exf5 14. Bxf5 Ne7 15.
Bd3 Bxc4 16. Bxc4 Qxc4 17. Qb3 Qf7 18. Bxf6 gxf6 19. Nf4 Ng6 20. Nd5 c6 21.
Nxf6+ Kg7 22. Qxf7+ Rxf7 23. h5 1/2-1/2

[Event "RUS-chT 9th"]
[Site "Ekaterinburg"]
[Date "2002.05.20"]
[Round "4"]
[White "Dolmatov, Sergey"]
[Black "Burmakin, Vladimir"]
[Result "1-0"]
[WhiteElo "2586"]
[BlackElo "2582"]
[PlyCount "58"]
[EventDate "2002.05.17"]
[EventType "team"]
[EventRounds "10"]
[EventCountry "RUS"]
[SourceTitle "CBM 090"]
[Source "ChessBase"]
[SourceDate "2002.09.20"]
[SourceVersion "1"]
[SourceVersionDate "2002.09.20"]
[SourceQuality "1"]

1. e4 c6 2. d4 d5 3. Nd2 dxe4 4. Nxe4 Nd7 5. Ng5 Ngf6 6. Bd3 e6 7. N1f3 Bd6 8.
Qe2 h6 9. Ne4 Nxe4 10. Qxe4 Nf6 11. Qe2 b6 12. Bd2 Bb7 13. O-O-O Qc7 14. Kb1
O-O-O 15. c4 c5 16. Bc3 Rhe8 17. Bc2 Re7 18. dxc5 bxc5 19. Ne5 Kb8 20. f4 Nd7
21. Rd2 f6 22. Rhd1 Nb6 23. Bg6 Nc8 24. Be4 Qb6 25. Bxb7 Qxb7 26. Ba5 Rde8 27.
Ng6 Rd7 28. g4 Qc6 29. Bc3 Rdd8 1-0

[Event "EU-ch 4th"]
[Site "Istanbul"]
[Date "2003.06.05"]
[Round "6"]
[White "Dolmatov, Sergey"]
[Black "Belov, Vladimir"]
[Result "1/2-1/2"]
[WhiteElo "2606"]
[BlackElo "2549"]
[PlyCount "102"]
[EventDate "2003.05.30"]
[EventType "swiss"]
[EventRounds "13"]
[EventCountry "TUR"]
[SourceTitle "CBM 096"]
[Source "ChessBase"]
[SourceDate "2003.09.25"]
[SourceVersion "1"]
[SourceVersionDate "2003.09.25"]
[SourceQuality "1"]

1. e4 c5 2. Nf3 d6 3. d4 cxd4 4. Nxd4 Nf6 5. Nc3 a6 6. Be2 e6 7. a4 Nc6 8. Be3
Be7 9. O-O O-O 10. f4 Qc7 11. Kh1 Re8 12. Bf3 Bf8 13. Nb3 b6 14. a5 Nd7 15.
axb6 Nxb6 16. Be2 Bb7 17. Qe1 Nd7 18. Qd2 Nf6 19. Ra4 d5 20. e5 Nd7 21. Raa1
Nb6 22. Na4 Nc4 23. Bxc4 dxc4 24. Bb6 Qc8 25. Nbc5 Ne7 26. Nxb7 Qxb7 27. Bc5
Red8 28. Qe2 Qb5 29. Ba3 Nd5 30. Bxf8 Rxf8 31. f5 exf5 32. e6 fxe6 33. Qxe6+
Kh8 34. Rxf5 Rxf5 35. Qxf5 h6 36. h3 Re8 37. Qf2 Nf6 38. Qc5 Re5 39. Qf2 Qc6
40. Qf3 Qxf3 41. gxf3 Re2 42. Nb6 Rxc2 43. Rxa6 Nh5 44. Kg1 Rxb2 45. Nxc4 Re2
46. Nd6 Rc2 47. Ra4 Nf6 48. h4 Kh7 49. Nf5 Kg6 50. Ng3 Rb2 51. Rc4 Rb1+ 1/2-1/2

[Event "RUS-ch 56th"]
[Site "Krasnoyarsk"]
[Date "2003.09.03"]
[Round "1"]
[White "Potkin, Vladimir"]
[Black "Dolmatov, Sergey"]
[Result "1/2-1/2"]
[WhiteElo "2518"]
[BlackElo "2605"]
[PlyCount "31"]
[EventDate "2003.09.03"]
[EventType "swiss"]
[EventRounds "9"]
[EventCountry "RUS"]
[SourceTitle "CBM 098"]
[Source "ChessBase"]
[SourceDate "2004.02.03"]
[SourceVersion "1"]
[SourceVersionDate "2004.02.03"]
[SourceQuality "1"]

1. e4 e6 2. d4 d5 3. Nc3 Nf6 4. Bg5 dxe4 5. Nxe4 Nbd7 6. Nf3 h6 7. Nxf6+ Nxf6
8. Bh4 Be7 9. Bd3 c5 10. dxc5 Qa5+ 11. c3 Qxc5 12. Qe2 O-O 13. O-O Rd8 14. Ne5
b6 15. Rad1 Bb7 16. Rfe1 1/2-1/2

[Event "RUS-ch 56th"]
[Site "Krasnoyarsk"]
[Date "2003.09.05"]
[Round "3"]
[White "Grigoriants, Sergey"]
[Black "Dolmatov, Sergey"]
[Result "1/2-1/2"]
[WhiteElo "2499"]
[BlackElo "2605"]
[PlyCount "66"]
[EventDate "2003.09.03"]
[EventType "swiss"]
[EventRounds "9"]
[EventCountry "RUS"]
[SourceTitle "CBM 098"]
[Source "ChessBase"]
[SourceDate "2004.02.03"]
[SourceVersion "1"]
[SourceVersionDate "2004.02.03"]
[SourceQuality "1"]

1. e4 e6 2. d4 d5 3. Nd2 c5 4. Ngf3 Nf6 5. exd5 exd5 6. Bb5+ Bd7 7. Bxd7+ Nbxd7
8. O-O Be7 9. dxc5 Nxc5 10. Nb3 Nce4 11. Nfd4 Qd7 12. f3 Nd6 13. Nc5 Qc7 14.
Nd3 O-O 15. b3 Rfe8 16. Be3 g6 17. Qd2 Bf8 18. a4 a6 19. Rfe1 Bg7 20. Bf2 Rac8
21. Rxe8+ Ndxe8 22. Re1 Nd7 23. Qf4 Qd8 24. g4 Nf8 25. h4 Nc7 26. Nc5 Bxd4 27.
Bxd4 Qxh4 28. Bf2 Qd8 29. Nxb7 Nce6 30. Nxd8 Nxf4 31. Be3 g5 32. Bxf4 gxf4 33.
Nb7 Rxc2 1/2-1/2

[Event "Moscow Aeroflot op-A"]
[Site "Moscow"]
[Date "2004.02.17"]
[Round "1"]
[White "Kabanov, Nikolai"]
[Black "Dolmatov, Sergey"]
[Result "0-1"]
[WhiteElo "2488"]
[BlackElo "2591"]
[PlyCount "76"]
[EventDate "2004.02.17"]
[EventType "swiss"]
[EventRounds "9"]
[EventCountry "RUS"]
[SourceTitle "EXT 2005"]
[Source "ChessBase"]
[SourceDate "2004.11.15"]
[SourceVersion "1"]
[SourceVersionDate "2004.11.15"]
[SourceQuality "1"]

1. e4 e6 2. d4 d5 3. Nc3 Bb4 4. e5 Ne7 5. a3 Bxc3+ 6. bxc3 c5 7. Qg4 O-O 8. Bd3
f5 9. exf6 Rxf6 10. Bg5 Rf7 11. Qh5 g6 12. Qd1 Nbc6 13. Nf3 Qf8 14. O-O c4 15.
Be2 h6 16. Bc1 Bd7 17. Ne1 b5 18. g3 Nf5 19. Ng2 a5 20. Bg4 Kh7 21. Qe2 Re8 22.
Bf4 b4 23. axb4 axb4 24. Bxf5 Rxf5 25. Ne3 Rxf4 26. gxf4 bxc3 27. Ng4 Qxf4 28.
h3 e5 29. Qe3 Bxg4 30. Qxf4 exf4 31. hxg4 Kg7 32. Rfb1 Nxd4 33. Ra5 Nxc2 34.
Rb7+ Kf8 35. Rxd5 Na3 36. Rd1 c2 37. Rc1 Rd8 38. Rb6 Kf7 0-1

[Event "Moscow Aeroflot op-A"]
[Site "Moscow"]
[Date "2004.02.20"]
[Round "4"]
[White "Dolmatov, Sergey"]
[Black "Zhigalko, Andrey"]
[Result "1/2-1/2"]
[WhiteElo "2591"]
[BlackElo "2491"]
[PlyCount "41"]
[EventDate "2004.02.17"]
[EventType "swiss"]
[EventRounds "9"]
[EventCountry "RUS"]
[SourceTitle "EXT 2005"]
[Source "ChessBase"]
[SourceDate "2004.11.15"]
[SourceVersion "1"]
[SourceVersionDate "2004.11.15"]
[SourceQuality "1"]

1. e4 c5 2. Nf3 d6 3. d4 cxd4 4. Nxd4 Nf6 5. Nc3 a6 6. Be3 e6 7. Be2 Be7 8. a4
Nc6 9. O-O O-O 10. f4 Qc7 11. Kh1 Re8 12. Qd2 Bd7 13. Rad1 Rad8 14. Qe1 Nxd4
15. Bxd4 Bc6 16. Qg3 Rd7 17. Bd3 Qd8 18. b4 e5 19. fxe5 dxe5 20. Bxe5 Nh5 21.
Qf3 1/2-1/2

[Event "Moscow Aeroflot op-A"]
[Site "Moscow"]
[Date "2004.02.22"]
[Round "6"]
[White "Khairullin, Ildar"]
[Black "Dolmatov, Sergey"]
[Result "1/2-1/2"]
[WhiteElo "2451"]
[BlackElo "2591"]
[PlyCount "60"]
[EventDate "2004.02.17"]
[EventType "swiss"]
[EventRounds "9"]
[EventCountry "RUS"]
[SourceTitle "EXT 2005"]
[Source "ChessBase"]
[SourceDate "2004.11.15"]
[SourceVersion "1"]
[SourceVersionDate "2004.11.15"]
[SourceQuality "1"]

1. e4 e6 2. d4 d5 3. Nd2 c5 4. c3 Nc6 5. Ngf3 cxd4 6. cxd4 dxe4 7. Nxe4 Be7 8.
Bd3 Nf6 9. O-O O-O 10. Be3 Nb4 11. Nxf6+ Bxf6 12. Be4 Nd5 13. Qd3 g6 14. Qb3 b6
15. Bh6 Re8 16. Ne5 Bb7 17. Qf3 Qe7 18. Rfe1 Rac8 19. Rad1 Bg7 20. Qh3 Nf6 21.
Bxb7 Qxb7 22. Rd3 Nh5 23. Qe3 Nf6 24. Qh3 Nd5 25. Rf3 f6 26. Nd3 Bxh6 27. Qxh6
Qg7 28. Qd2 Rcd8 29. h4 Rd6 30. Nf4 f5 1/2-1/2

[Event "Moscow Aeroflot op-A"]
[Site "Moscow"]
[Date "2004.02.23"]
[Round "7"]
[White "Dolmatov, Sergey"]
[Black "Ramirez Alvarez, Alejandro"]
[Result "1/2-1/2"]
[WhiteElo "2591"]
[BlackElo "2499"]
[PlyCount "56"]
[EventDate "2004.02.17"]
[EventType "swiss"]
[EventRounds "9"]
[EventCountry "RUS"]
[SourceTitle "EXT 2005"]
[Source "ChessBase"]
[SourceDate "2004.11.15"]
[SourceVersion "1"]
[SourceVersionDate "2004.11.15"]
[SourceQuality "1"]

1. e4 c5 2. Nf3 Nc6 3. d4 cxd4 4. Nxd4 Nf6 5. Nc3 e5 6. Ndb5 d6 7. Bg5 a6 8.
Na3 b5 9. Bxf6 gxf6 10. Nd5 f5 11. Bd3 Be6 12. O-O Bxd5 13. exd5 Ne7 14. Qd2 e4
15. Be2 Bg7 16. Rab1 O-O 17. c4 bxc4 18. Nxc4 Ng6 19. f4 exf3 20. Rxf3 f4 21.
b4 Re8 22. Bd3 Qg5 23. Bxg6 Qxg6 24. Qd3 Re4 25. Nxd6 Rd4 26. Qxg6 fxg6 27. Nb7
Rxd5 28. Nc5 Bd4+ 1/2-1/2

[Event "Moscow Aeroflot op-A"]
[Site "Moscow"]
[Date "2004.02.24"]
[Round "8"]
[White "Shengelia, Davit"]
[Black "Dolmatov, Sergey"]
[Result "1/2-1/2"]
[WhiteElo "2496"]
[BlackElo "2591"]
[PlyCount "33"]
[EventDate "2004.02.17"]
[EventType "swiss"]
[EventRounds "9"]
[EventCountry "RUS"]
[SourceTitle "EXT 2005"]
[Source "ChessBase"]
[SourceDate "2004.11.15"]
[SourceVersion "1"]
[SourceVersionDate "2004.11.15"]
[SourceQuality "1"]

1. d4 d5 2. Nf3 c6 3. c4 Nf6 4. Qb3 e6 5. Nc3 Be7 6. Bg5 Nbd7 7. e3 b6 8. Rd1
O-O 9. Be2 Bb7 10. O-O h6 11. Bf4 c5 12. Ne5 cxd4 13. exd4 Rc8 14. cxd5 Nxd5
15. Nxd5 Bxd5 16. Qg3 Kh8 17. Rc1 1/2-1/2

[Event "Moscow Aeroflot op-A"]
[Site "Moscow"]
[Date "2004.02.25"]
[Round "9"]
[White "Dolmatov, Sergey"]
[Black "Skatchkov, Pavel"]
[Result "1/2-1/2"]
[WhiteElo "2591"]
[BlackElo "2493"]
[PlyCount "31"]
[EventDate "2004.02.17"]
[EventType "swiss"]
[EventRounds "9"]
[EventCountry "RUS"]
[SourceTitle "EXT 2005"]
[Source "ChessBase"]
[SourceDate "2004.11.15"]
[SourceVersion "1"]
[SourceVersionDate "2004.11.15"]
[SourceQuality "1"]

1. e4 e5 2. Bc4 Nf6 3. d3 c6 4. Nf3 Be7 5. O-O d6 6. Bb3 Nbd7 7. c3 Nc5 8. Bc2
Bg4 9. h3 Bh5 10. Be3 Ne6 11. d4 Qc7 12. Nbd2 O-O 13. Re1 Rfe8 14. a4 h6 15.
Qb1 g5 16. Nh2 1/2-1/2